000
00323nam a2200121 a 4500
005
20140414131929.0
008
101108s19uu xx 00 eng d
050
_a
M 741.5
_b
F11 2000
100
_a
Fain, David
245
_a
Spongebob Squarepants trivia book.
260
_a
New York :
_b
Scholastic ,
_c
2000.
999
_c
112174
_d
112174